00679 2200193 4500001002100000005001500021035002000036007000300056008004100059020001700100082001200117084001800129100001800147245009000165260004200255300004400297520012800341600001600469INLIS00000000000076020221018075135 a0010-1022000064ta221018 b 0 ind  a6021-75528-6 a297.246 a297.246 IMA b0 aimam turmudzi1 abuku pedoman Dai cilik bimbingan pidato anak beka mengikuti pildacil /cImam Turmudzi aJakarta :bPustaka Sandro Jaya,c2016 a128 Halaman :bIlustrasi, ;c24 x 15 cm aBuku ini disusun dengan harapan agar bisa di jadikan mopdal dasar bagi anak muslim/muslimah untuk mengikuti lomba berpidato 4aagama islam